000 00706nam a2200217 i 4500
001 165456
003 ES-MaACL
005 20230906213135.0
008 180213s1911 sp |||| | spa d
100 1 _aEstasén y Cortada, Pedro.
_948023
245 1 0 _aCuestiones de derecho marítimo
_b: remolque, asistencia y salvamento /
_cpor Pedro Estasén.
260 _aMadrid :
_bReus,
_c1911.
300 _a224 p. ;
_c17 cm.
490 1 _aManuales Reus ;
_v3
500 _aIncluye apéndice legislativo.
650 4 _aContratos de remolque.
_9164249
650 4 _aSalvamento (Derecho marítimo)
_9164250
830 0 _aManuales Reus ;
_v3
_9183879
852 _aES-MaACL
_jA-680
999 _c165456
_d165456